Survivor: San Juan Del Sur-BvW 2 Contestants (Final Places) - Statistics

General Stats
  • This quiz has been taken 415 times
  • The average score is 16 of 18
Answer Stats
Hint Answer % Correct
Winner Natalie Anderson
97%
4th Keith Nale
93%
2nd Runner-Up Missy Payne
93%
5th Baylor Wilson
92%
10th Jeremy Collins
92%
18th Nadiya Anderson
91%
Runner-Up Jaclyn Schultz
89%
6th Jon Misch
89%
9th Wes Nale
89%
16th John Rocker
87%
17th Val Collins
87%
14th Kelley Wentworth
86%
8th Reed Kelly
86%
7th Alec Christy
83%
13th Dale Wentworth
83%
11th Josh Canfield
83%
15th Drew Christy
81%
12th Julie McGee
80%
No matching quizzes found
Score Distribution
Percent of People with Each Score
Percentile by Number Answered
Your Score History
You have not taken this quiz